<?xml version="1.0" encoding="UTF-8"?>
<marc:record xmlns:marc="http://www.loc.gov/MARC21/slim">
   <marc:leader>00000nam a2200000 a 4500</marc:leader>
   <marc:datafield ind1=" " ind2=" " tag="653">
      <marc:subfield code="a">Alter</marc:subfield>
   </marc:datafield>
   <marc:datafield ind1=" " ind2=" " tag="653">
      <marc:subfield code="a">Altern</marc:subfield>
   </marc:datafield>
   <marc:datafield ind1=" " ind2=" " tag="653">
      <marc:subfield code="a">Senioren</marc:subfield>
   </marc:datafield>
   <marc:datafield ind1="0" ind2="0" tag="245">
      <marc:subfield code="a">Vielleicht bin ich ja ein Wunder</marc:subfield>
   </marc:datafield>
   <marc:datafield ind1="0" ind2="0" tag="245">
      <marc:subfield code="b">; Gespräche mit 100-Jährigen</marc:subfield>
   </marc:datafield>
   <marc:datafield ind1=" " ind2="1" tag="264">
      <marc:subfield code="b">Residenz-Verl.</marc:subfield>
      <marc:subfield code="c">2006</marc:subfield>
   </marc:datafield>
   <marc:datafield ind1="1" ind2=" " tag="520">
      <marc:subfield code="a">Beeindruckende 100-Jährige Das letzte Jahrhundert war turbulent und ereignisreich. Grauenvolle Kriege und ein immenser technologischer Fortschritt sind nur zwei Beispiele dafür. Dass sich hinter diesen geschichtlichen Fakten immer auch persönliche Schicksale verbergen, zeigt die ergreifende Interview-Sammlung "Vielleicht bin ich ja ein Wunder". "Welt der Frau"-Chefredakteurin Christine Haiden führt Gespräche mit 16 Hundertjährigen, deren Geschichten unterschiedlicher nicht sein könnten. Manchmal erheiternd, manchmal erschütternd - allen gemeinsam ist: Sie sind einzigartig, außergewöhnlich und etwas Besonderes. Einfühlsam und mit einem Blick für das Besondere befragt die Autorin ihre Partner. Petra Reiner liefert dazu persönliche und authentische Fotos der Erzählenden. Das Ergebnis: eine detailgetreue, persönliche und sehr rührende Geschichtensammlung hundertjähriger Erdenbürger. In jedem Fall ein wertvoller Schatz, der ihre Erlebnisse und Lebenseinstellungen festhält und sowohl die ältere als auch die junge Generation begeistern wird. *Apropos* Diana Oberreiter</marc:subfield>
   </marc:datafield>
   <marc:datafield ind1="3" ind2=" " tag="024">
      <marc:subfield code="a">3701730237</marc:subfield>
   </marc:datafield>
</marc:record>
